000 00589nam a2200193Ii 4500
003 JO-AjNU
008 230605s9999||||xx |||||||||||||| ||und||
040 _aJO-AjNU
_bara
_erda
_cJO-AjNU
041 _aara
050 1 4 _aQC792
100 3 _aهداره ، سيد رمضان,
_eauthor
_937914
245 0 0 _aالكون ذرة وحركة
264 3 1 _aبغداد:دار الشؤون الثقافيه ، 1900
300 _a205ص
336 _atext
_btxt
_2rdacontent
337 _aunmediated
_bn
_2rdamedia
338 _avolume
_bnc
_2rdacarrier
650 4 _aالكون-الفلك
_937915
999 _aA15885
_c19453
_d19453